000 00707nam a2200289Ia 4500
005 20260324124340.0
008 008 260324s9999 xx 000 0 eng d
020 _a9781315553795
037 _aEBOOK
040 _aCRL
040 _beng
040 _cCRL
041 _2eng
041 _aeng
084 _qCRL
100 _aGerhard Raab; G. Jason Goddard; Alexander Unger
_91173807
245 4 _aThe Psychology of Marketing
245 0 _bCross-Cultural Perspectives
260 _bTaylor and Francis
260 _c2010
365 _a
365 _b265
856 _uhttp://www.taylorfrancis.com/books/9781315553795
942 _cEBOOK
999 _c1768117
_d1768117